<?xml version="1.0" encoding="UTF-8"?>
<record
    xmlns:xsi="http://www.w3.org/2001/XMLSchema-instance"
    xsi:schemaLocation="http://www.loc.gov/MARC21/slim http://www.loc.gov/standards/marcxml/schema/MARC21slim.xsd"
    xmlns="http://www.loc.gov/MARC21/slim">

  <leader>02821nam a2200301 a 4500</leader>
  <controlfield tag="001">ASIN0195979036</controlfield>
  <controlfield tag="005">20170105102931.0</controlfield>
  <controlfield tag="008">140416s2010    xxu                 eng d</controlfield>
  <datafield tag="020" ind1=" " ind2=" ">
    <subfield code="a">0195979036 (hardcover)</subfield>
    <subfield code="c">$45.00</subfield>
  </datafield>
  <datafield tag="020" ind1=" " ind2=" ">
    <subfield code="a">9780195979039 (hardcover)</subfield>
  </datafield>
  <datafield tag="040" ind1=" " ind2=" ">
    <subfield code="a">0</subfield>
  </datafield>
  <datafield tag="050" ind1="0" ind2="4">
    <subfield code="a">UA840</subfield>
  </datafield>
  <datafield tag="082" ind1="0" ind2="4">
    <subfield code="a">355.033554</subfield>
    <subfield code="b">CHE 2010</subfield>
  </datafield>
  <datafield tag="100" ind1="1" ind2=" ">
    <subfield code="a">Cheema, Zafar Iqbal.</subfield>
  </datafield>
  <datafield tag="245" ind1="1" ind2="0">
    <subfield code="a">Indian nuclear deterrence :</subfield>
    <subfield code="b">its evolution, development and implications for south asian security /</subfield>
    <subfield code="c">Zafar Iqbal Cheema.</subfield>
  </datafield>
  <datafield tag="260" ind1=" " ind2=" ">
    <subfield code="a">[S.l.] :</subfield>
    <subfield code="b">Oxford University Press, USA,</subfield>
    <subfield code="c">2010.</subfield>
  </datafield>
  <datafield tag="300" ind1=" " ind2=" ">
    <subfield code="a">500 p. ;</subfield>
    <subfield code="c">25 cm.</subfield>
  </datafield>
  <datafield tag="520" ind1=" " ind2=" ">
    <subfield code="a">The significance of Indian Nuclear Deterrence is that it establishes the fallacy of conventional perspectives on Indian nuclear deterrence--that the Indian nuclear program entailed 'exclusively peaceful uses' during the Nehru era and the development of weapons capability was initiated by the government of Lal Bahadur Shastri after the first Chinese nuclear explosion in 1964. On the contrary, the book provides incontrovertible documentary evidence that Dr. Homi J. Bhabha formulated with Nehru's approval a nuclear weapons development strategy within the structural framework of the Indian civilian nuclear program. Nehru was interested in a nuclear weapons capability for a 'deterrent in extremis'. The central premise of Indian Nuclear Deterrence is that BJP government's decision to carry out the May 1998 nuclear tests was not an original one, but a step prefigured in a strategic continuum whose genesis dates back to the late 1950s. It suggests that the declaration of Indian nuclear deterrence after the May 1998 nuclear tests, the weaponization of Indian nuclear capability and the pronouncement of the Draft Nuclear Doctrine (DND) were not separate from earlier policies, but instead were part of that strategic continuum. The study analyzes the dynamics of Indian nuclear deterrence, Indian nuclear doctrine, and their implications for South Asian security. It is the first time that mostly primary archival, and documentary research material from diverse sources has been explored to write a book on this topic. It is more comprehensive than any other book on this subject in terms both of its timeframe (1947 until now) and of the issues covered--the evolution, development, dynamics, and implications of Indian nuclear deterrence for South Asian Security. Indian Nuclear Deterrence is also the first book on the topic written from a Pakistani perspective.</subfield>
  </datafield>
  <datafield tag="650" ind1=" " ind2="0">
    <subfield code="a">Deterrence (Strategy)</subfield>
  </datafield>
  <datafield tag="650" ind1=" " ind2="0">
    <subfield code="a">India</subfield>
  </datafield>
  <datafield tag="650" ind1=" " ind2="0">
    <subfield code="a">Military policy</subfield>
  </datafield>
  <datafield tag="650" ind1=" " ind2="0">
    <subfield code="a">National security</subfield>
  </datafield>
  <datafield tag="650" ind1=" " ind2="0">
    <subfield code="a">Nuclear warfare</subfield>
  </datafield>
  <datafield tag="650" ind1=" " ind2="0">
    <subfield code="a">Nuclear weapons</subfield>
  </datafield>
  <datafield tag="650" ind1=" " ind2="0">
    <subfield code="a">South Asia</subfield>
  </datafield>
  <datafield tag="856" ind1="4" ind2="0">
    <subfield code="3">Amazon.com</subfield>
    <subfield code="u">http://www.amazon.com/exec/obidos/ASIN/0195979036/chopaconline-20</subfield>
  </datafield>
  <datafield tag="942" ind1=" " ind2=" ">
    <subfield code="2">ddc</subfield>
    <subfield code="c">BK</subfield>
  </datafield>
  <datafield tag="999" ind1=" " ind2=" ">
    <subfield code="c">16068</subfield>
    <subfield code="d">16068</subfield>
  </datafield>
  <datafield tag="952" ind1=" " ind2=" ">
    <subfield code="0">0</subfield>
    <subfield code="1">0</subfield>
    <subfield code="4">0</subfield>
    <subfield code="7">0</subfield>
    <subfield code="8">NFIC</subfield>
    <subfield code="a">CIPS</subfield>
    <subfield code="b">CIPS</subfield>
    <subfield code="c">GEN</subfield>
    <subfield code="d">2014-04-15</subfield>
    <subfield code="l">0</subfield>
    <subfield code="o">355.033554 CHE 2010</subfield>
    <subfield code="p">CIPSD0000134</subfield>
    <subfield code="r">2014-04-16</subfield>
    <subfield code="w">2014-04-16</subfield>
    <subfield code="y">BK</subfield>
  </datafield>
</record>
